000
00314nam a2200133Ia 4500
008
220204s9999 xx 000 0 und d
082
_a
025.3
_b
SIN
100
_a
Prasad, H N
245
0
_a
Cataloguing manual AACR II
260
_a
Delhi
_b
B R
_c
1985
650
_a
Cataloguing
700
_a
Singh, S N
942
_c
BK
999
_c
39953
_d
39953